[Event "Terre degli Elimi op 5th"]
[Site "Erice"]
[Date "2014.07.25"]
[Round "9"]
[White "De Wit, Tex"]
[Black "Marzaduri, Riccardo"]
[Result "1-0"]
[WhiteElo "2330"]
[BlackElo "1944"]
[PlyCount "145"]
[EventDate "2014.07.19"]
[EventType "swiss"]
[EventRounds "9"]
[EventCountry "ITA"]
[SourceTitle "CBM 161 Extra"]
[Source "ChessBase"]
[SourceDate "2014.08.29"]
[SourceVersion "1"]
[SourceVersionDate "2014.08.29"]
[SourceQuality "1"]

1. Nf3 Nf6 2. g3 c5 3. Bg2 Nc6 4. 0-0 g6 5. c4 Bg7 6. Nc3 0-0 7. d3 d6 8. a3 Ne8 9. Rb1 a5 10. Bd2 h6 11. Ne1 Nc7 12. Nc2 e5 13. b4 cxb4 14. axb4 axb4 15. Nxb4 Nd4 16. Nc2 Nc6 17. Nb4 Nd4 18. e3 Nde6 19. Na4 Bd7 20. Nb6 Rb8 21. Bc3 f5 22. Nxd7 Qxd7 23. Re1 Kh7 24. d4 e4 25. Qd2 Rfc8 26. Rec1 Qf7 27. Qa2 Qd7 28. h4 g5 29. hxg5 Nxg5 30. Qe2 Qf7 31. Ra1 d5 32. Be1 dxc4 33. Rxc4 Ne8 34. Rxc8 Rxc8 35. f4 exf3 36. Bxf3 Nxf3+ 37. Qxf3 Nd6 38. Nd3 Ne4 39. Rb1 Rc6 40. Rb5 Rf6 41. Ne5 Qc7 42. Kg2 Rf8 43. Bf2 Qc8 44. Qh5 Ng5 45. Qg6+ Kg8 46. Rc5 Qe8 47. Qxe8 Rxe8 48. Nf3 Rf8 49. Nh4 Bf6 50. Rxf5 Ne4 51. Nf3 Kg7 52. Rb5 Rb8 53. Be1 Nd6 54. Rb6 Nc4 55. Rb3 Bd8 56. e4 b5 57. Kf2 Kf7 58. Ke2 Bc7 59. Kd3 Kg6 60. g4 h5 61. gxh5+ Kxh5 62. e5 Kg6 63. Ke4 Ba5 64. Bg3 Bc7 65. Be1 Ba5 66. Bb4 Bc7 67. Nd2 Re8 68. Nxc4 bxc4 69. Rg3+ Kf7 70. Rc3 Bb6 71. Rxc4 Rd8 72. Bc5 Rc8 73. Rc3 1-0

[Event "Terre degli Elimi op 5th"]
[Site "Erice"]
[Date "2014.07.19"]
[Round "1"]
[White "De Wit, Tex"]
[Black "Favaloro, Andrea"]
[Result "1-0"]
[WhiteElo "2330"]
[BlackElo "2008"]
[PlyCount "161"]
[EventDate "2014.07.19"]
[EventType "swiss"]
[EventRounds "9"]
[EventCountry "ITA"]
[SourceTitle "CBM 161 Extra"]
[Source "ChessBase"]
[SourceDate "2014.08.29"]
[SourceVersion "1"]
[SourceVersionDate "2014.08.29"]
[SourceQuality "1"]

1. c4 Nf6 2. Nc3 g6 3. g3 Bg7 4. Bg2 0-0 5. e4 d6 6. Nge2 c5 7. 0-0 Nc6 8. d3 Ne8 9. Be3 Nc7 10. d4 cxd4 11. Nxd4 Ne6 12. Nde2 a5 13. Rb1 Nc5 14. f4 a4 15. Qc2 Nb4 16. Qd2 Be6 17. b3 Nxa2 18. Nxa2 axb3 19. Nb4 Bxc4 20. e5 Qa5 21. Rfe1 dxe5 22. Qc3 exf4 23. Bd4 Bxd4+ 24. Nxd4 Nd3 25. Qxc4 Nxe1 26. Rxe1 fxg3 27. Nxb3 gxh2+ 28. Kh1 Qg5 29. Rf1 Rac8 30. Qd4 e5 31. Qb6 Rc3 32. Nd5 Rg3 33. Nf6+ Kg7 34. Ne4 Qe3 35. Qf6+ Kg8 36. Nxg3 Qxb3 37. Qxe5 Qe6 38. Qxe6 fxe6 39. Rxf8+ Kxf8 40. Bxb7 Ke7 41. Kxh2 h6 42. Ne4 e5 43. Bd5 Kd7 44. Kg3 Ke7 45. Kg4 Kf8 46. Nd2 Ke7 47. Nf3 Kf6 48. Be4 g5 49. Kh5 Ke6 50. Nh2 Kd6 51. Kxh6 Kc5 52. Kxg5 Kd4 53. Kf5 Kc5 54. Kxe5 Kc4 55. Nf3 Kc3 56. Kd5 Kb3 57. Ne5 Kc3 58. Nc4 Kb3 59. Kd4 Kb4 60. Bc6 Kb3 61. Ne3 Kb4 62. Nc2+ Kb3 63. Kd3 Kb2 64. Bd5 Kb1 65. Kc3 Kc1 66. Ba2 Kd1 67. Nd4 Ke1 68. Kd3 Kf2 69. Ne2 Kf3 70. Be6 Kf2 71. Bg4 Ke1 72. Ke3 Kd1 73. Bf5 Ke1 74. Bc2 Kf1 75. Nf4 Ke1 76. Ng2+ Kf1 77. Kf3 Kg1 78. Kg3 Kf1 79. Bd3+ Kg1 80. Nf4 Kh1 81. Bc4 1-0

[Event "Plancoet op-A 10th"]
[Site "Plancoet"]
[Date "2013.08.02"]
[Round "8"]
[White "De Wit, Tex"]
[Black "Epishin, Vladimir"]
[Result "1-0"]
[WhiteElo "2293"]
[BlackElo "2598"]
[PlyCount "125"]
[EventDate "2013.07.28"]
[EventType "swiss"]
[EventRounds "9"]
[EventCountry "FRA"]
[SourceTitle "EXT 2017"]
[Source "ChessBase"]
[SourceDate "2016.10.25"]
[SourceVersion "1"]
[SourceVersionDate "2016.10.25"]
[SourceQuality "1"]

1. c4 g6 2. Nc3 c5 3. g3 Bg7 4. Bg2 f5 5. e3 e5 6. Nge2 Nf6 7. d4 e4 8. 0-0 Na6 9. a3 0-0 10. b4 d6 11. Rb1 cxd4 12. Nxd4 Nc7 13. Bb2 Qe7 14. Qd2 Bd7 15. Rfd1 Rad8 16. Nb3 Bc8 17. Rbc1 h5 18. h4 Ng4 19. Nb5 Bxb2 20. Qxb2 Nxb5 21. cxb5 Be6 22. Nd4 Bf7 23. Rc3 Ne5 24. Qc2 d5 25. Rc7 Rd7 26. Rc8 Nc4 27. Rxf8+ Qxf8 28. Qc3 Rc7 29. Bf1 Rc8 30. Rc1 Qe7 31. Bxc4 dxc4 32. Rd1 Rd8 33. Rd2 Rd6 34. Kf1 Qf6 35. Ke1 Kh7 36. Kd1 g5 37. hxg5 Qxg5 38. Kc2 Qf6 39. Qa1 Kg6 40. Kc3 Rd5 41. a4 h4 42. gxh4 Qxh4 43. Qg1+ Kf6 44. Rd1 f4 45. Qh1 Rh5 46. Qxe4 Qxf2 47. Qxf4+ Qxf4 48. exf4 Rh3+ 49. Kc2 Bd5 50. Ne2 Bf3 51. Rd6+ Ke7 52. Rd2 Be4+ 53. Kb2 Rb3+ 54. Ka2 Bb1+ 55. Ka1 Bd3 56. Ka2 Rxb4 57. Nc3 Rb3 58. Rxd3 Ke6 59. Re3+ Kf5 60. Nd5 Rd3 61. Rxd3 cxd3 62. Kb2 Ke4 63. Nb4 1-0

[Event "Plancoet op-A 10th"]
[Site "Plancoet"]
[Date "2013.07.31"]
[Round "5"]
[White "O'Donnell, Conor"]
[Black "De Wit, Tex"]
[Result "0-1"]
[WhiteElo "2089"]
[BlackElo "2293"]
[PlyCount "146"]
[EventDate "2013.07.28"]
[EventType "swiss"]
[EventRounds "9"]
[EventCountry "FRA"]
[SourceTitle "EXT 2017"]
[Source "ChessBase"]
[SourceDate "2016.10.25"]
[SourceVersion "1"]
[SourceVersionDate "2016.10.25"]
[SourceQuality "1"]

1. e4 g6 2. d4 Bg7 3. Nc3 d6 4. f4 Nf6 5. Nf3 0-0 6. Be3 b6 7. Qd2 Bb7 8. e5 Ng4 9. 0-0-0 c5 10. dxc5 bxc5 11. Bxc5 Qa5 12. Ba3 dxe5 13. Nd5 Qxd2+ 14. Rxd2 Bxd5 15. Rxd5 exf4 16. Bxe7 Rc8 17. Rd8+ Rxd8 18. Bxd8 Nc6 19. Bg5 Nb4 20. Bxf4 Rc8 21. Ne1 Nxa2+ 22. Kb1 Nb4 23. Be2 Nf6 24. c3 Nbd5 25. Bc1 Ne4 26. Bf3 Ndxc3+ 27. bxc3 Nxc3+ 28. Ka1 Rb8 29. Bb2 Rb5 30. Bxc3 Bxc3+ 31. Ka2 Rb2+ 32. Ka1 Re2+ 33. Kb1 Rxe1+ 34. Rxe1 Bxe1 35. Kc2 a5 36. Bc6 f5 37. Kd3 Kf7 38. Kc4 Bh4 39. Kb5 Bd8 40. Kc4 Bc7 41. h3 Kf6 42. Kd4 Bd6 43. Ba4 Bb4 44. Bd7 Kg5 45. Ke3 Bc5+ 46. Kf3 Kf6 47. Ke2 Ke5 48. Kd3 Kf4 49. Ke2 Kg3 50. Kf1 Bb6 51. Ba4 f4 52. Bd1 g5 53. Bc2 h5 54. Ba4 g4 55. Bd7 Bc5 56. hxg4 hxg4 57. Bc6 f3 58. gxf3 gxf3 59. Be8 f2 60. Bc6 Bd6 61. Ke2 Kf4 62. Bb5 Kg3 63. Bc6 Bc5 64. Kf1 Bb4 65. Ba4 Kf3 66. Bc6+ Ke3 67. Bb5 Be1 68. Ba4 Kd2 69. Bb5 Kc3 70. Ke2 Kb4 71. Bd3 a4 72. Kd1 Kc3 73. Bb5 a3 0-1

[Event "Haarlem BDO-B"]
[Site "Haarlem"]
[Date "2010.08.27"]
[Round "7"]
[White "De Wit, Tex"]
[Black "Kuipers, Stefan"]
[Result "1/2-1/2"]
[WhiteElo "2268"]
[BlackElo "2354"]
[PlyCount "114"]
[EventDate "2010.08.21"]
[EventType "tourn"]
[EventRounds "9"]
[EventCountry "NED"]
[EventCategory "4"]
[SourceTitle "CBM 138 Extra"]
[Source "ChessBase"]
[SourceDate "2010.10.29"]
[SourceVersion "1"]
[SourceVersionDate "2010.10.29"]
[SourceQuality "1"]

1. Nf3 d5 2. g3 Nf6 3. Bg2 c6 4. 0-0 Bg4 5. d3 Nbd7 6. Qe1 e5 7. e4 dxe4 8. dxe4 Bc5 9. Nbd2 0-0 10. h3 Bh5 11. Nc4 Qe7 12. Nh4 Bg6 13. a3 Qe6 14. Na5 Rab8 15. Qe2 b5 16. Kh2 Bb6 17. Nb3 c5 18. c4 Qxc4 19. Qxc4 bxc4 20. Nd2 c3 21. Nxg6 hxg6 22. bxc3 Ba5 23. c4 Nb6 24. Ra2 Bc3 25. Rc2 Na4 26. f4 Rfd8 27. fxe5 Bxe5 28. Nf3 Nd7 29. Rd1 f6 30. h4 Bc7 31. Bh3 Ne5 32. Be6+ Kf8 33. Rxd8+ Rxd8 34. Nxe5 Bxe5 35. Bd5 Rd6 36. Bf4 Rb6 37. Rf2 Rb2 38. Rxb2 Nxb2 39. Bxe5 fxe5 40. Kg2 Ke7 41. g4 Nd3 42. Kf3 Nf4 43. g5 Kd6 44. Bf7 Kd7 45. Bd5 Ke7 46. Kg4 Ng2 47. Kf3 Ne1+ 48. Ke2 Nc2 49. Kd2 Nd4 50. Ke3 a5 51. a4 Ke8 52. Kf2 Kf8 53. Ke3 Ke7 54. Kf2 Nc2 55. Ke2 Nb4 56. Bb7 Kd6 57. Kd2 Ke7 1/2-1/2

[Event "Haarlem BDO-B"]
[Site "Haarlem"]
[Date "2007.??.??"]
[Round "2"]
[White "De Wit, Tex"]
[Black "Van Schaardenburg, Mark"]
[Result "1-0"]
[WhiteElo "2206"]
[BlackElo "2277"]
[PlyCount "205"]
[EventDate "2007.08.18"]
[EventType "tourn"]
[EventRounds "9"]
[EventCountry "NED"]
[SourceTitle "CBM 120 Extra"]
[Source "ChessBase"]
[SourceDate "2007.11.01"]
[SourceVersion "1"]
[SourceVersionDate "2007.11.01"]
[SourceQuality "1"]

1. Nf3 Nf6 2. c4 c5 3. g3 b6 4. Bg2 Bb7 5. 0-0 g6 6. b3 Bg7 7. Bb2 0-0 8. e3 d5 9. cxd5 Qxd5 10. Nc3 Qh5 11. d3 Rd8 12. Qe2 Nbd7 13. Rad1 Rac8 14. Rd2 Ba6 15. Rc1 Ng4 16. h3 Nge5 17. Nd5 Nc6 18. Nf4 Qh6 19. Bxg7 Qxg7 20. Qd1 Nf6 21. Ne2 e5 22. Nc3 Ne8 23. a3 h6 24. Qc2 Nc7 25. Qb1 Nb5 26. Nxb5 Bxb5 27. Rcd1 Rd6 28. Qc2 Rcd8 29. Qc3 f5 30. b4 cxb4 31. axb4 Kh7 32. d4 exd4 33. Nxd4 Nxd4 34. Rxd4 Rxd4 35. Rxd4 Rd7 36. Qd2 Qe7 37. h4 h5 38. Bf3 Qd8 39. Qb2 Rxd4 40. exd4 Bc4 41. d5 Qd6 42. Qc3 Bb5 43. Qd4 Kg8 44. Qc3 a6 45. Kh2 Kf7 46. Bg2 Ke8 47. f4 Kd7 48. Bf3 Kd8 49. Kg2 Be8 50. Kf2 Bf7 51. Qh8+ Kd7 52. Qd4 Ke7 53. Ke3 a5 54. bxa5 Qa3+ 55. Kf2 Qxa5 56. Qe5+ Kd7 57. Kg2 Qc5 58. Qg7 Qe7 59. Qa1 Qd6 60. Qa8 Ke7 61. Kh3 Be8 62. Qa7+ Bd7 63. Qa1 Kd8 64. Kg2 b5 65. Qh8+ Kc7 66. Qe5 b4 67. Bd1 Bb5 68. Bb3 Kd7 69. Kf3 Qe7 70. Qxe7+ Kxe7 71. Ke3 Kd6 72. Kd4 Bf1 73. Ba4 Bg2 74. Be8 b3 75. Bxg6 Be4 76. Kc3 Kxd5 77. Bxh5 Bc2 78. Bf7+ Kd6 79. Bxb3 Be4 80. Kd4 Bf3 81. Bc4 Bg4 82. Ke3 Ke7 83. Be2 Bh3 84. h5 Kf6 85. Kd4 Bg2 86. Kc5 Be4 87. Kd6 Bc2 88. Bf3 Bb1 89. Kd7 Be4 90. Be2 Kg7 91. Ke7 Bc2 92. Ke6 Be4 93. Bf1 Kh6 94. Bh3 Kxh5 95. Bxf5 Bf3 96. g4+ Kh6 97. g5+ Kg7 98. Ke5 Bd1 99. Be4 Bb3 100. f5 Ba2 101. f6+ Kf8 102. g6 Bb3 103. Bd5 1-0

[Event "Haarlem BDO-B"]
[Site "Haarlem"]
[Date "2007.??.??"]
[Round "3"]
[White "Klein, David"]
[Black "De Wit, Tex"]
[Result "0-1"]
[WhiteElo "2013"]
[BlackElo "2206"]
[PlyCount "90"]
[EventDate "2007.08.18"]
[EventType "tourn"]
[EventRounds "9"]
[EventCountry "NED"]
[SourceTitle "CBM 120 Extra"]
[Source "ChessBase"]
[SourceDate "2007.11.01"]
[SourceVersion "1"]
[SourceVersionDate "2007.11.01"]
[SourceQuality "1"]

1. e4 g6 2. d4 Bg7 3. Nc3 d6 4. Be3 c6 5. Qd2 b5 6. 0-0-0 Nd7 7. h4 h5 8. Kb1 Nb6 9. Bd3 Nc4 10. Bxc4 bxc4 11. Qe2 d5 12. Na4 Rb8 13. Bc1 Qa5 14. Nc5 Bxd4 15. Rxd4 Qxc5 16. Nf3 Nf6 17. exd5 cxd5 18. Re1 Be6 19. Qe5 Rb6 20. Rf4 Qd6 21. Qd4 0-0 22. Ng5 Bf5 23. Qe3 Ne4 24. f3 Nxg5 25. hxg5 Re8 26. g4 hxg4 27. fxg4 Be4 28. Ref1 Qe5 29. Qh3 Reb8 30. Qa3 c3 31. b3 Rf8 32. Qc5 Ra6 33. R1f2 Re6 34. Re2 a6 35. Qf2 a5 36. Be3 a4 37. Bd4 Qxg5 38. Bxc3 axb3 39. axb3 Rc6 40. Bb2 e5 41. Rexe4 dxe4 42. Rxe4 Rd8 43. Qe2 Rd2 44. Qb5 Rdxc2 45. Rxe5 Rxb2+ 0-1

[Event "Hengelo U20 op"]
[Site "Hengelo"]
[Date "2005.08.12"]
[Round "8"]
[White "De Wit, Tex"]
[Black "Van der Velden, Bram"]
[Result "1-0"]
[WhiteElo "2205"]
[BlackElo "2068"]
[PlyCount "101"]
[EventDate "2005.08.??"]
[EventType "swiss"]
[EventRounds "9"]
[EventCountry "NED"]
[SourceTitle "CBM 107 Extra"]
[Source "ChessBase"]
[SourceDate "2005.09.01"]
[SourceVersion "1"]
[SourceVersionDate "2005.09.01"]
[SourceQuality "1"]

1. Nf3 Nf6 2. c4 g6 3. Nc3 Bg7 4. e4 d6 5. d4 0-0 6. h3 e5 7. d5 a5 8. Bg5 Na6 9. Nd2 Qe8 10. g4 h6 11. Be3 Bd7 12. Be2 Nc5 13. h4 Nh7 14. h5 g5 15. 0-0 Nf6 16. f3 c6 17. b3 cxd5 18. cxd5 a4 19. b4 Na6 20. Nc4 Qd8 21. Nb6 Rb8 22. a3 Ne8 23. Ncxa4 f5 24. Nxd7 Qxd7 25. Nb6 Qe7 26. Rc1 Nac7 27. a4 fxe4 28. fxe4 Rxf1+ 29. Qxf1 Nf6 30. Qg2 Na8 31. a5 Nxb6 32. Bxb6 Nd7 33. Be3 Bf8 34. Bb5 Qd8 35. Rf1 Bg7 36. Qf3 Nf6 37. Qf5 Qc8 38. Qe6+ Qxe6 39. dxe6 Kf8 40. Rc1 Nxe4 41. Rc7 Nf6 42. Ba7 Ra8 43. Rxb7 Nd5 44. Rb8+ Rxb8 45. Bxb8 Ke7 46. a6 e4 47. a7 Bd4+ 48. Kf1 Bxa7 49. Bxa7 Nxb4 50. Bd7 Nd5 51. Bd4 1-0

[Event "Hengelo U20 op"]
[Site "Hengelo"]
[Date "2005.08.10"]
[Round "5"]
[White "De Wit, Tex"]
[Black "Rothuis, Vincent"]
[Result "0-1"]
[WhiteElo "2205"]
[BlackElo "2276"]
[PlyCount "82"]
[EventDate "2005.08.??"]
[EventType "swiss"]
[EventRounds "9"]
[EventCountry "NED"]
[SourceTitle "CBM 107 Extra"]
[Source "ChessBase"]
[SourceDate "2005.09.01"]
[SourceVersion "1"]
[SourceVersionDate "2005.09.01"]
[SourceQuality "1"]

1. Nf3 Nf6 2. c4 e6 3. g3 b6 4. Bg2 Bb7 5. 0-0 c5 6. Nc3 Be7 7. b3 0-0 8. Bb2 d6 9. d4 cxd4 10. Nxd4 Bxg2 11. Kxg2 Qc8 12. e4 a6 13. f4 Nc6 14. Nxc6 Qxc6 15. Qf3 Rac8 16. Rac1 Qa8 17. e5 Qxf3+ 18. Rxf3 dxe5 19. fxe5 Nd7 20. Ne4 b5 21. c5 b4 22. c6 Nb6 23. Nd6 Rc7 24. a3 Nd5 25. a4 f5 26. Bd4 Rd8 27. Nb7 Rdc8 28. Na5 g5 29. h3 h5 30. Rc4 Kf7 31. g4 hxg4 32. hxg4 Kg6 33. gxf5+ exf5 34. e6 Bf6 35. Bxf6 Kxf6 36. Kf2 Kxe6 37. Nb7 Ke5 38. Rc5 Rxc6 39. Rxd5+ Kxd5 40. Rxf5+ Kd4 41. Rxg5 Rc2+ 0-1

[Event "Hengelo U20 op"]
[Site "Hengelo"]
[Date "2005.08.10"]
[Round "4"]
[White "Rietman, Frits"]
[Black "De Wit, Tex"]
[Result "1/2-1/2"]
[WhiteElo "2184"]
[BlackElo "2205"]
[PlyCount "104"]
[EventDate "2005.08.??"]
[EventType "swiss"]
[EventRounds "9"]
[EventCountry "NED"]
[SourceTitle "CBM 107 Extra"]
[Source "ChessBase"]
[SourceDate "2005.09.01"]
[SourceVersion "1"]
[SourceVersionDate "2005.09.01"]
[SourceQuality "1"]

1. e4 g6 2. d4 Bg7 3. Nc3 d6 4. Be3 c6 5. a4 Nf6 6. h3 Qa5 7. Bd2 0-0 8. Nf3 Qc7 9. Bd3 Nbd7 10. Qe2 e5 11. dxe5 dxe5 12. 0-0 Nc5 13. Bc4 Ne6 14. Bxe6 Bxe6 15. Ng5 Bc8 16. a5 h6 17. Nf3 Nh5 18. Rfe1 Re8 19. Ra4 Be6 20. Be3 Kh7 21. Rd1 Red8 22. Rxd8 Qxd8 23. g4 Nf4 24. Bxf4 exf4 25. e5 b5 26. Ra1 b4 27. Ne4 Bd5 28. Kh2 Qe7 29. g5 hxg5 30. Nexg5+ Kg8 31. Re1 Re8 32. Qd2 Qc5 33. Kg1 Qxa5 34. Qxf4 Qc7 35. Qxb4 Bxf3 36. Nxf3 Bxe5 37. Kg2 Re7 38. Qc4 Bxb2 39. Rxe7 Qxe7 40. Qxc6 Kg7 41. c4 a5 42. Qb5 Qb4 43. Qd5 Bf6 44. c5 a4 45. c6 Qc3 46. Nd2 Qe5 47. Qc4 Bd8 48. Nf3 Qa5 49. Qd4+ Bf6 50. Qd7 Bd8 51. Qd4+ Bf6 52. Qd7 Bd8 1/2-1/2

[Event "Hengelo U20 op"]
[Site "Hengelo"]
[Date "2005.08.08"]
[Round "1"]
[White "De Wit, Tex"]
[Black "Brandenburg, Rik"]
[Result "1-0"]
[WhiteElo "2205"]
[BlackElo "1840"]
[PlyCount "55"]
[EventDate "2005.08.??"]
[EventType "swiss"]
[EventRounds "9"]
[EventCountry "NED"]
[SourceTitle "CBM 107 Extra"]
[Source "ChessBase"]
[SourceDate "2005.09.01"]
[SourceVersion "1"]
[SourceVersionDate "2005.09.01"]
[SourceQuality "1"]

1. e4 g6 2. d4 Bg7 3. c4 d6 4. Nc3 Nd7 5. f4 e6 6. Nf3 Ne7 7. Be2 0-0 8. h4 h5 9. Be3 d5 10. cxd5 exd5 11. e5 Nb6 12. b3 a5 13. a4 Qd7 14. Qd2 Nc6 15. Rc1 Qe7 16. 0-0 Bg4 17. Bd3 Bxf3 18. Rxf3 Qxh4 19. f5 Nxd4 20. Rf4 Nf3+ 21. Rxf3 d4 22. f6 dxe3 23. Qxe3 Bh8 24. Rh3 Qg4 25. Be2 Qe6 26. Qg5 Rfe8 27. Rxh5 Qf5 28. Rxh8+ 1-0

[Event "Vlissingen HZ op 08th"]
[Site "Vlissingen"]
[Date "2004.08.14"]
[Round "9"]
[White "De Wit, Tex"]
[Black "Schmitz, Manuela"]
[Result "1-0"]
[WhiteElo "2201"]
[BlackElo "2060"]
[PlyCount "140"]
[EventDate "2004.08.07"]
[EventType "swiss"]
[EventRounds "9"]
[EventCountry "NED"]
[SourceTitle "CBM 101 Extra"]
[Source "ChessBase"]
[SourceDate "2004.09.01"]
[SourceVersion "2"]
[SourceVersionDate "2004.09.01"]
[SourceQuality "1"]

1. e4 e6 2. d4 d5 3. Nc3 Bb4 4. e5 c5 5. a3 Bxc3+ 6. bxc3 Qc7 7. Nf3 Bd7 8. a4 Ne7 9. Bd3 Nbc6 10. 0-0 f6 11. Re1 0-0-0 12. Ba3 fxe5 13. Nxe5 Nxe5 14. Rxe5 Nc6 15. Rg5 c4 16. Bf1 g6 17. Qf3 Rde8 18. Qf7 Nd8 19. Qf6 Bxa4 20. Bc5 b5 21. Ra2 Nf7 22. Rg3 Nd6 23. Re3 Qd7 24. Bxd6 Qxd6 25. g3 Rhf8 26. Qh4 Qe7 27. Qxe7 Rxe7 28. h4 Kd7 29. Bh3 Kd6 30. f4 Rf6 31. Re5 Rf8 32. Re2 a5 33. Ra1 Rf6 34. Kf2 h6 35. Ke3 g5 36. hxg5 hxg5 37. fxg5 Rg6 38. Kf4 Rf7+ 39. Kg4 Rfg7 40. Rae1 Rxg5+ 41. Kf4 R5g6 42. Rxe6+ Rxe6 43. Rxe6+ Kc7 44. Bf5 Kb7 45. Rd6 Re7 46. Rxd5 Re2 47. g4 Bxc2 48. Bxc2 Rxc2 49. g5 Kc6 50. Rc5+ Kb6 51. g6 Rf2+ 52. Kg5 a4 53. g7 a3 54. Kg6 a2 55. g8Q Rg2+ 56. Rg5 Rxg5+ 57. Kxg5 a1Q 58. Qd8+ Kb7 59. Qd7+ Kb6 60. Qd6+ Kb7 61. Qd5+ Kb6 62. Qc5+ Ka6 63. Qd6+ Kb7 64. Qe7+ Kb6 65. Qf6+ Kb7 66. d5 Qg1+ 67. Kf5 Qf2+ 68. Ke6 Qe3+ 69. Kd7 Qh3+ 70. Kd6 Qc8 1-0

[Event "Vlissingen HZ op 08th"]
[Site "Vlissingen"]
[Date "2004.08.11"]
[Round "6"]
[White "Arp, Frans"]
[Black "De Wit, Tex"]
[Result "0-1"]
[WhiteElo "2018"]
[BlackElo "2201"]
[PlyCount "60"]
[EventDate "2004.08.07"]
[EventType "swiss"]
[EventRounds "9"]
[EventCountry "NED"]
[SourceTitle "CBM 101 Extra"]
[Source "ChessBase"]
[SourceDate "2004.09.01"]
[SourceVersion "2"]
[SourceVersionDate "2004.09.01"]
[SourceQuality "1"]

1. e4 d6 2. d4 Nf6 3. Nc3 g6 4. Be2 Bg7 5. Be3 0-0 6. h4 Nc6 7. h5 e5 8. hxg6 fxg6 9. Bc4+ Kh8 10. Bg5 Nxd4 11. f3 c6 12. Qd2 b5 13. Bd3 Qe7 14. Nce2 Ne6 15. Nh3 Nc5 16. Nf2 Qf7 17. Ng3 a5 18. Rh4 Ra7 19. Ke2 Ne6 20. c3 Nxg5 21. Qxg5 Rb7 22. b3 a4 23. Bc2 Be6 24. Rah1 axb3 25. axb3 Ra8 26. Bb1 Ra3 27. Qd2 Rxb3 28. Qxd6 Rb2+ 29. Ke3 Bh6+ 30. Rxh6 Ng4+ 0-1